000 00835cam a2200229 4500
001 WB3711-19
008 000000n2001 000 0 eng u
035 _a(Sirsi) u111392
245 _aSofter policy on affordable housing
260 _c2001
490 _aEstates Gazette
_v(0110) 10 March 2001, 46(1)
520 _aGovernment is considering setting a time-limit on use-restriction for rented affordable housing. The proposal would allow alternative uses such as private housing after 15 years, and would minimise investor concerns about financing residential housing.
590 _aWB
650 _aAffordable housing
_96215
650 _aTIME LIMITS
650 _aUSE RESTRICTION
650 _aPLANNING SYSTEM
650 _aHOUSING
650 _aRESIDENTIAL INVESTMENT
690 _aHOUSING-DEVELOPMENT
942 _n0
999 _c66367
_d66367